[Event "MCRDMZ 2018"]
[Site "Varnsdorf"]
[Date "2018.06.17"]
[Round "6.3"]
[White "Mohapl Tomas (Loko Brno A)"]
[Black "Juchelka Marek (Polabiny A)"]
[Result "1-0"]
[BlackElo "1657"]
[WhiteElo "1563"]
[LiveChessVersion "1.4.8"]

1. e4 {[%clk 0:25:18]} c5 {[%clk 0:25:19]} 2. Nf3 {[%clk 0:25:23]} d6
{[%clk 0:25:27]} 3. d4 {[%clk 0:25:23]} cxd4 {[%clk 0:25:35]} 4. Nxd4
{[%clk 0:25:28]} g6 {[%clk 0:25:43]} 5. Be3 {[%clk 0:24:49]} Nf6 {[%clk 0:25:41]}
6. f3 {[%clk 0:24:54]} Bg7 {[%clk 0:25:44]} 7. Nc3 {[%clk 0:24:59]} O-O
{[%clk 0:25:49]} 8. Qd2 {[%clk 0:24:51]} Nc6 {[%clk 0:25:48]} 9. O-O-O
{[%clk 0:24:45]} a6 {[%clk 0:25:53]} 10. g4 {[%clk 0:24:22]} Nxd4
{[%clk 0:25:54]} 11. Bxd4 {[%clk 0:24:29]} b5 {[%clk 0:25:53]} 12. Kb1
{[%clk 0:24:27]} Be6 {[%clk 0:25:44]} 13. h4 {[%clk 0:24:00]} h5 {[%clk 0:25:49]}
14. Bxf6 {[%clk 0:23:22]} Bxf6 {[%clk 0:25:46]} 15. gxh5 {[%clk 0:23:17]} b4
{[%clk 0:25:34]} 16. Nd5 {[%clk 0:21:58]} Bxd5 {[%clk 0:25:19]} 17. exd5
{[%clk 0:21:44]} Kh7 {[%clk 0:24:21]} 18. Bd3 {[%clk 0:21:07]} Kg7
{[%clk 0:22:57]} 19. Rdg1 {[%clk 0:18:40]} Rg8 {[%clk 0:20:44]} 20. hxg6
{[%clk 0:17:45]} Qb6 {[%clk 0:19:17]} 21. h5 {[%clk 0:17:05]} Qd4
{[%clk 0:18:41]} 22. c3 {[%clk 0:15:47]} bxc3 {[%clk 0:18:29]} 23. bxc3
{[%clk 0:15:06]} Rab8+ {[%clk 0:18:30]} 24. Kc1 {[%clk 0:14:58]} Qa4
{[%clk 0:17:25]} 25. h6+ {[%clk 0:13:45]} Kf8 {[%clk 0:17:13]} 26. g7+
{[%clk 0:13:19]} Ke8 {[%clk 0:15:39]} 27. h7 {[%clk 0:12:27]} Qa3+
{[%clk 0:15:26]} 28. Kd1 {[%clk 0:12:21]} Qa4+ {[%clk 0:15:27]} 29. Ke2
{[%clk 0:12:21]} Rxg7 {[%clk 0:14:15]} 30. h8=Q+ {[%clk 0:11:31]} Kd7
{[%clk 0:14:22]} 31. Qxb8 {[%clk 0:11:32]} Rxg1 {[%clk 0:13:53]} 32. Rxg1
{[%clk 0:11:24]} Qh4 {[%clk 0:13:46]} 33. Qb7+ {[%clk 0:11:00]} Ke8
{[%clk 0:13:43]} 34. Qc8# 1-0

[Event "MCRDMZ 2018"]
[Site "Varnsdorf"]
[Date "2018.06.17"]
[Round "6.4"]
[White "Stocek Martin (Polabiny A)"]
[Black "Ulcak Michael (Loko Brno A)"]
[Result "0-1"]
[BlackElo "1551"]
[WhiteElo "1481"]
[LiveChessVersion "1.4.8"]

1. d4 {[%clk 0:25:17]} d5 {[%clk 0:25:18]} 2. c4 {[%clk 0:25:26]} c6
{[%clk 0:25:26]} 3. Nc3 {[%clk 0:25:34]} Nf6 {[%clk 0:25:33]} 4. Bg5
{[%clk 0:25:42]} Bf5 {[%clk 0:25:29]} 5. e3 {[%clk 0:25:47]} Nbd7
{[%clk 0:25:27]} 6. Qb3 {[%clk 0:25:52]} Qb6 {[%clk 0:24:52]} 7. cxd5
{[%clk 0:25:19]} Qxb3 {[%clk 0:24:32]} 8. axb3 {[%clk 0:25:27]} cxd5
{[%clk 0:24:23]} 9. Nb5 {[%clk 0:25:12]} Rc8 {[%clk 0:23:55]} 10. Rxa7
{[%clk 0:24:26]} Rc1+ {[%clk 0:19:53]} 11. Ke2 {[%clk 0:24:20]} Rc2+
{[%clk 0:19:50]} 12. Kd1 {[%clk 0:22:51]} e6 {[%clk 0:19:12]} 13. Bf4
{[%clk 0:21:49]} e5 {[%clk 0:14:13]} 14. Bxe5 Nxe5 {[%clk 0:13:57]} 15. dxe5
{[%clk 0:20:30]} Ng4 {[%clk 0:13:11]} 16. Nh3 {[%clk 0:20:01]} Rxb2
{[%clk 0:11:20]} 17. Rxb7 {[%clk 0:16:56]} Rb1+ {[%clk 0:09:53]} 18. Ke2
{[%clk 0:16:38]} Rb2+ {[%clk 0:05:32]} 19. Kd1 {[%clk 0:16:05]} Rb1+
{[%clk 0:05:01]} 20. Ke2 {[%clk 0:16:09]} Rb2+ {[%clk 0:05:07]} 21. Kf3
{[%clk 0:12:32]} h5 {[%clk 0:01:02]} 22. Nd6+ {[%clk 0:11:29]} Bxd6
{[%clk 0:01:01]} 23. Bb5+ {[%clk 0:11:22]} Kd8 {[%clk 0:01:00]} 24. exd6
{[%clk 0:11:16]} Rxb3 {[%clk 0:00:58]} 25. Rb8+ {[%clk 0:11:16]} Bc8
{[%clk 0:01:07]} 26. d7 {[%clk 0:11:03]} Ne5+ {[%clk 0:01:16]} 27. Kf4
{[%clk 0:10:33]} Nxd7 {[%clk 0:01:25]} 28. Ra8 {[%clk 0:07:01]} Rxb5
{[%clk 0:01:32]} 29. Rc1 {[%clk 0:06:36]} Rc5 {[%clk 0:01:41]} 30. Rb1
{[%clk 0:05:07]} Re8 {[%clk 0:01:27]} 31. Ng5 {[%clk 0:05:15]} f6
{[%clk 0:01:07]} 32. Nf3 {[%clk 0:04:57]} Ke7 {[%clk 0:01:06]} 33. Nd4
{[%clk 0:04:52]} g5+ {[%clk 0:01:09]} 34. Kg3 {[%clk 0:04:59]} h4+
{[%clk 0:01:15]} 35. Kf3 {[%clk 0:04:53]} Ne5+ {[%clk 0:01:13]} 36. Ke2
{[%clk 0:04:52]} Bg4+ {[%clk 0:01:09]} 37. f3 {[%clk 0:05:11]} Bxf3+
{[%clk 0:01:15]} 38. gxf3 Rxa8 {[%clk 0:01:23]} 39. Nf5+ {[%clk 0:05:11]} Ke6
{[%clk 0:01:24]} 40. Ng7+ {[%clk 0:05:18]} Kd6 {[%clk 0:01:17]} 41. Nf5+
{[%clk 0:05:11]} Kc6 {[%clk 0:01:23]} 42. Ne7+ {[%clk 0:05:16]} Kd7
{[%clk 0:01:28]} 43. Rb7+ {[%clk 0:05:13]} Rc7 {[%clk 0:01:37]} 44. Rxc7+
{[%clk 0:05:19]} Kxc7 {[%clk 0:01:46]} 45. Nxd5+ {[%clk 0:05:28]} Kd6
{[%clk 0:01:54]} 46. Nxf6 {[%clk 0:05:37]} Ra2+ {[%clk 0:01:58]} 47. Kf1
{[%clk 0:05:43]} Nxf3 {[%clk 0:02:03]} 48. Ne4+ {[%clk 0:05:48]} Ke5
{[%clk 0:02:11]} 49. h3 {[%clk 0:05:49]} Nh2+ {[%clk 0:02:14]} 50. Kg1
{[%clk 0:05:56]} Kxe4 51. Kh1 Kxe3 {[%clk 0:02:25]} 52. Kg1 {[%clk 0:06:15]} Kf3
{[%clk 0:02:32]} 53. Kh1 {[%clk 0:06:24]} Kg3 {[%clk 0:02:41]} 0-1

[Event "MCRDMZ 2018"]
[Site "Varnsdorf"]
[Date "2018.06.17"]
[Round "6.5"]
[White "Hladky Mikulas (Loko Brno A)"]
[Black "Trasakova Adela (Polabiny A)"]
[Result "0-1"]
[BlackElo "1611"]
[WhiteElo "1242"]
[LiveChessVersion "1.4.8"]

1. e4 {[%clk 0:25:18]} c6 {[%clk 0:25:19]} 2. c4 {[%clk 0:25:24]} d5
{[%clk 0:25:27]} 3. exd5 {[%clk 0:25:09]} cxd5 {[%clk 0:25:35]} 4. cxd5
{[%clk 0:25:10]} Nf6 {[%clk 0:25:42]} 5. Nc3 {[%clk 0:25:17]} Nxd5
{[%clk 0:25:48]} 6. Nxd5 {[%clk 0:25:24]} Qxd5 {[%clk 0:25:56]} 7. Nf3
{[%clk 0:25:31]} Bg4 {[%clk 0:25:27]} 8. Be2 {[%clk 0:25:34]} e6 {[%clk 0:25:28]}
9. d4 {[%clk 0:25:40]} Nc6 {[%clk 0:25:21]} 10. Be3 {[%clk 0:25:44]} Be7
{[%clk 0:25:05]} 11. O-O {[%clk 0:25:45]} O-O {[%clk 0:25:07]} 12. Ne5
{[%clk 0:25:40]} Bxe2 {[%clk 0:25:03]} 13. Qxe2 {[%clk 0:25:43]} Nxe5
{[%clk 0:25:03]} 14. dxe5 {[%clk 0:25:49]} Qxe5 {[%clk 0:25:09]} 15. Rfd1
{[%clk 0:25:49]} Rfd8 {[%clk 0:24:53]} 16. Rac1 {[%clk 0:25:34]} a6
{[%clk 0:23:45]} 17. b3 {[%clk 0:25:10]} Bf8 {[%clk 0:22:03]} 18. Qf3
{[%clk 0:24:51]} b5 {[%clk 0:21:12]} 19. Bf4 {[%clk 0:24:30]} Qf5
{[%clk 0:20:18]} 20. Bc7 {[%clk 0:24:14]} Qxf3 {[%clk 0:19:42]} 21. gxf3
{[%clk 0:24:20]} Rxd1+ {[%clk 0:18:58]} 22. Rxd1 {[%clk 0:24:26]} g6
{[%clk 0:17:53]} 23. Be5 {[%clk 0:24:26]} Bg7 {[%clk 0:17:39]} 24. Bd6
{[%clk 0:24:29]} Rd8 {[%clk 0:17:41]} 25. Kf1 {[%clk 0:23:59]} Bf8
{[%clk 0:17:18]} 26. Ke2 {[%clk 0:23:43]} Rxd6 {[%clk 0:17:22]} 27. Rc1
{[%clk 0:23:47]} Kg7 {[%clk 0:17:26]} 28. Ke3 {[%clk 0:23:46]} Kf6
{[%clk 0:17:34]} 29. Rc5 {[%clk 0:23:47]} Rd3+ {[%clk 0:17:07]} 30. Kxd3
{[%clk 0:23:52]} Bxc5 {[%clk 0:17:16]} 31. Ke2 {[%clk 0:23:59]} Kf5
{[%clk 0:17:24]} 32. Ke1 {[%clk 0:24:02]} Ke5 {[%clk 0:17:24]} 33. Ke2
{[%clk 0:24:10]} Kd4 {[%clk 0:17:33]} 34. f4 {[%clk 0:24:01]} Ke4
{[%clk 0:17:41]} 35. f3+ {[%clk 0:24:04]} Kxf4 {[%clk 0:17:49]} 36. h3
{[%clk 0:24:09]} Kg3 {[%clk 0:17:59]} 37. h4 {[%clk 0:24:16]} Kxh4
{[%clk 0:18:06]} 38. Kd3 {[%clk 0:24:22]} Kg3 {[%clk 0:18:14]} 39. Ke4
{[%clk 0:24:30]} h5 {[%clk 0:18:23]} 40. f4 {[%clk 0:24:38]} h4 {[%clk 0:18:31]}
41. Ke5 {[%clk 0:24:44]} h3 {[%clk 0:18:39]} 42. f5 {[%clk 0:24:50]} h2
{[%clk 0:18:45]} 43. fxg6 {[%clk 0:24:49]} fxg6 {[%clk 0:18:46]} 44. Kxe6
{[%clk 0:24:53]} h1=Q {[%clk 0:18:53]} 45. Ke5 {[%clk 0:24:56]} Qe1+
{[%clk 0:18:51]} 46. Kd5 {[%clk 0:25:03]} Kf4 {[%clk 0:18:56]} 47. Kc6
{[%clk 0:25:08]} Qe6+ {[%clk 0:18:47]} 48. Kc7 {[%clk 0:25:13]} Bb6+
{[%clk 0:18:51]} 49. Kb7 {[%clk 0:25:17]} Ke5 {[%clk 0:18:53]} 50. Kb8
{[%clk 0:25:21]} Kd5 {[%clk 0:18:59]} 51. Kb7 {[%clk 0:25:09]} Kc5
{[%clk 0:19:03]} 52. Kb8 {[%clk 0:25:14]} Qd6+ {[%clk 0:19:10]} 53. Kb7
{[%clk 0:25:16]} Qc7+ {[%clk 0:19:19]} 54. Ka8 {[%clk 0:25:22]} Qa7#
{[%clk 0:19:28]} 0-1

[Event "MCRDMZ 2018"]
[Site "Varnsdorf"]
[Date "2018.06.17"]
[Round "6.6"]
[White "Stary Vojtech (Polabiny A)"]
[Black "Vavrinkova Marie (Loko Brno A)"]
[Result "0-1"]
[BlackElo "1364"]
[WhiteElo "1290"]
[LiveChessVersion "1.4.8"]

1. e4 {[%clk 0:25:18]} e5 {[%clk 0:25:17]} 2. Nf3 {[%clk 0:25:26]} Nf6
{[%clk 0:25:24]} 3. Nxe5 {[%clk 0:25:31]} d6 {[%clk 0:25:29]} 4. Nf3
{[%clk 0:25:27]} Nxe4 {[%clk 0:25:25]} 5. d3 {[%clk 0:25:29]} Nf6
{[%clk 0:25:27]} 6. Be2 {[%clk 0:25:24]} Be7 {[%clk 0:25:14]} 7. O-O
{[%clk 0:25:24]} O-O {[%clk 0:25:01]} 8. Nc3 {[%clk 0:25:26]} Nc6
{[%clk 0:23:31]} 9. Be3 {[%clk 0:25:09]} Bf5 {[%clk 0:23:20]} 10. Nd4
{[%clk 0:22:25]} Nxd4 {[%clk 0:23:07]} 11. Bxd4 {[%clk 0:22:30]} c5
{[%clk 0:22:46]} 12. Be3 {[%clk 0:21:22]} d5 {[%clk 0:22:22]} 13. d4
{[%clk 0:20:36]} c4 {[%clk 0:20:32]} 14. b3 {[%clk 0:18:34]} Bb4 {[%clk 0:18:55]}
15. Bd2 {[%clk 0:17:39]} Bxc3 {[%clk 0:18:31]} 16. Bxc3 {[%clk 0:17:46]} Ne4
{[%clk 0:17:27]} 17. Bb2 {[%clk 0:16:40]} b5 {[%clk 0:15:55]} 18. Bf3
{[%clk 0:15:29]} Qg5 {[%clk 0:14:18]} 19. g3 {[%clk 0:13:57]} Rfe8
{[%clk 0:12:54]} 20. Re1 {[%clk 0:12:47]} Rad8 {[%clk 0:12:00]} 21. Bg2
{[%clk 0:12:16]} Qg6 {[%clk 0:10:01]} 22. Re2 {[%clk 0:10:07]} Nf6
{[%clk 0:09:12]} 23. Rxe8+ {[%clk 0:10:03]} Rxe8 {[%clk 0:09:20]} 24. c3
{[%clk 0:09:57]} Bd3 {[%clk 0:08:28]} 25. bxc4 {[%clk 0:09:10]} bxc4
{[%clk 0:08:02]} 26. Qa4 {[%clk 0:08:51]} Re7 {[%clk 0:06:27]} 27. Ba3
{[%clk 0:08:48]} Rb7 {[%clk 0:05:54]} 28. Bc5 {[%clk 0:08:11]} Be2
{[%clk 0:04:57]} 29. Qa5 {[%clk 0:07:33]} Rb1+ {[%clk 0:04:43]} 30. Bf1
{[%clk 0:07:06]} h6 {[%clk 0:04:13]} 31. Qd8+ {[%clk 0:04:51]} Kh7
{[%clk 0:04:14]} 32. Qe7 {[%clk 0:04:57]} Rxa1 {[%clk 0:04:01]} 33. Qxe2
{[%clk 0:05:01]} Qe4 {[%clk 0:03:34]} 34. Qd2 {[%clk 0:04:55]} Qb1
{[%clk 0:03:19]} 35. Qe2 {[%clk 0:04:55]} Ne4 {[%clk 0:03:17]} 36. Kg2
{[%clk 0:04:55]} Nxc3 {[%clk 0:03:16]} 37. Qe3 {[%clk 0:04:49]} Qxf1+
{[%clk 0:03:03]} 38. Kf3 {[%clk 0:04:56]} Qh1+ {[%clk 0:03:00]} 39. Kf4
{[%clk 0:05:03]} Qe4+ {[%clk 0:02:58]} 40. Qxe4+ {[%clk 0:05:07]} Nxe4
{[%clk 0:03:06]} 41. Bxa7 {[%clk 0:05:10]} Rxa2 {[%clk 0:03:10]} 42. Bb6
{[%clk 0:05:17]} Rxf2+ {[%clk 0:03:15]} 43. Ke3 {[%clk 0:05:25]} Rxh2
{[%clk 0:02:58]} 44. g4 {[%clk 0:05:30]} Kg6 {[%clk 0:02:55]} 45. Bc7
{[%clk 0:05:33]} Rh3+ {[%clk 0:02:57]} 46. Ke2 {[%clk 0:05:39]} Kg5
{[%clk 0:02:57]} 47. Bd8+ {[%clk 0:05:37]} Kxg4 {[%clk 0:02:57]} 48. Be7
{[%clk 0:05:42]} Kf4 {[%clk 0:03:02]} 49. Kd1 {[%clk 0:05:46]} Rh2
{[%clk 0:03:07]} 50. Bd8 {[%clk 0:05:51]} Ke3 {[%clk 0:03:12]} 51. Kc1
{[%clk 0:06:00]} Kd3 {[%clk 0:03:20]} 52. Kb1 {[%clk 0:06:08]} Kc3
{[%clk 0:03:27]} 53. Ka1 {[%clk 0:06:17]} Kb3 {[%clk 0:03:35]} 54. Kb1
{[%clk 0:06:19]} Rh1# {[%clk 0:03:43]} 0-1

[Event "MCRDMZ 2018"]
[Site "Varnsdorf"]
[Date "2018.06.17"]
[Round "6.7"]
[White "Stalmach Richard (BSS F-M A)"]
[Black "Petricek Lukas (Kurim)"]
[Result "1/2-1/2"]
[BlackElo "1774"]
[WhiteElo "1754"]
[LiveChessVersion "1.4.8"]

1. d4 {[%clk 0:25:18]} Nf6 {[%clk 0:25:19]} 2. c4 {[%clk 0:25:27]} e6
{[%clk 0:25:28]} 3. Nf3 {[%clk 0:25:34]} d5 {[%clk 0:25:38]} 4. Nc3
{[%clk 0:25:40]} c6 {[%clk 0:25:40]} 5. e3 {[%clk 0:25:43]} Be7 {[%clk 0:25:47]}
6. Bd3 {[%clk 0:25:48]} Nbd7 {[%clk 0:25:56]} 7. O-O {[%clk 0:25:55]} dxc4
{[%clk 0:26:00]} 8. Bxc4 {[%clk 0:26:05]} b5 {[%clk 0:26:04]} 9. Be2
{[%clk 0:26:02]} a6 {[%clk 0:26:10]} 10. e4 {[%clk 0:23:13]} b4 {[%clk 0:23:09]}
11. e5 {[%clk 0:23:03]} bxc3 {[%clk 0:23:13]} 12. exf6 {[%clk 0:23:11]} Nxf6
{[%clk 0:21:05]} 13. bxc3 {[%clk 0:22:49]} Qc7 {[%clk 0:21:11]} 14. a4
{[%clk 0:18:54]} Nd5 {[%clk 0:20:04]} 15. Qd2 {[%clk 0:16:36]} O-O
{[%clk 0:17:23]} 16. Ba3 {[%clk 0:13:06]} Bxa3 17. Rxa3 a5 {[%clk 0:16:26]} 18.
c4 {[%clk 0:11:39]} Nb4 {[%clk 0:16:27]} 19. Rd1 {[%clk 0:10:54]} Rd8
{[%clk 0:16:03]} 20. Qg5 {[%clk 0:10:01]} Bb7 {[%clk 0:14:32]} 21. c5
{[%clk 0:08:34]} Ba6 {[%clk 0:13:13]} 22. Bxa6 {[%clk 0:08:34]} Nxa6
{[%clk 0:13:12]} 23. Qh4 {[%clk 0:06:55]} Nxc5 {[%clk 0:10:41]} 24. Rc1
{[%clk 0:04:30]} Na6 {[%clk 0:09:53]} 25. Ne5 {[%clk 0:03:37]} Nb4
{[%clk 0:08:38]} 26. Rh3 {[%clk 0:03:43]} h6 {[%clk 0:08:43]} 27. Rg3
{[%clk 0:03:47]} Kh8 {[%clk 0:07:15]} 28. Qf4 {[%clk 0:03:37]} Ra7
{[%clk 0:05:00]} 29. Qe4 {[%clk 0:03:04]} Qd6 {[%clk 0:03:51]} 30. Rf3
{[%clk 0:00:33]} Qxd4 {[%clk 0:01:53]} 31. Nxf7+ {[%clk 0:00:41]} Kg8 32. Nxh6+
gxh6 33. Qxe6+ Kh7 34. Qf5+ Kg7 35. Rg3+ Kh8 1/2-1/2

[Event "MCRDMZ 2018"]
[Site "Varnsdorf"]
[Date "2018.06.17"]
[Round "6.8"]
[White "Tajovsky Simon (Kurim)"]
[Black "Paseka Matyas (BSS F-M A)"]
[Result "0-1"]
[BlackElo "1730"]
[WhiteElo "1463"]
[LiveChessVersion "1.4.8"]

1. d4 {[%clk 0:25:18]} d5 {[%clk 0:25:17]} 2. c4 {[%clk 0:25:27]} e6
{[%clk 0:25:25]} 3. Nc3 {[%clk 0:25:36]} c5 {[%clk 0:25:34]} 4. cxd5
{[%clk 0:25:32]} exd5 {[%clk 0:25:41]} 5. Nf3 {[%clk 0:25:37]} Nf6
{[%clk 0:24:40]} 6. Bf4 {[%clk 0:25:09]} a6 {[%clk 0:23:08]} 7. dxc5
{[%clk 0:25:10]} Bxc5 {[%clk 0:23:01]} 8. e3 {[%clk 0:25:19]} Nc6
{[%clk 0:22:51]} 9. Bd3 {[%clk 0:25:16]} O-O {[%clk 0:22:33]} 10. O-O
{[%clk 0:25:14]} Bg4 {[%clk 0:22:21]} 11. h3 {[%clk 0:25:18]} Bh5
{[%clk 0:21:10]} 12. Qe2 {[%clk 0:24:38]} d4 {[%clk 0:19:19]} 13. Ne4
{[%clk 0:23:28]} Nxe4 {[%clk 0:14:02]} 14. Bxe4 {[%clk 0:23:25]} dxe3
{[%clk 0:13:44]} 15. Bxe3 {[%clk 0:22:27]} Bxe3 {[%clk 0:12:35]} 16. Qxe3
{[%clk 0:22:22]} Re8 {[%clk 0:12:24]} 17. Qf4 {[%clk 0:21:47]} Qb6
{[%clk 0:07:26]} 18. Ng5 {[%clk 0:20:46]} h6 {[%clk 0:05:24]} 19. Qf5
{[%clk 0:19:19]} Bg6 {[%clk 0:04:01]} 20. Qf3 {[%clk 0:18:02]} hxg5
{[%clk 0:03:07]} 21. Bxg6 {[%clk 0:18:04]} fxg6 {[%clk 0:03:05]} 22. b3
{[%clk 0:17:39]} Nd4 {[%clk 0:02:29]} 23. Qd5+ {[%clk 0:17:40]} Kh7
{[%clk 0:02:06]} 24. Qxg5 {[%clk 0:17:16]} Qf6 {[%clk 0:01:14]} 25. Qd5
{[%clk 0:16:40]} Ne2+ 26. Kh1 {[%clk 0:16:09]} b5 {[%clk 0:00:36]} 27. Rae1
{[%clk 0:15:28]} Rad8 {[%clk 0:00:33]} 28. Qc5 {[%clk 0:15:05]} Nf4 29. Qc2
{[%clk 0:13:56]} Qg5 {[%clk 0:00:26]} 30. f3 {[%clk 0:13:30]} Nh5 31. Rxe8
{[%clk 0:13:13]} Ng3+ {[%clk 0:00:24]} 32. Kg1 {[%clk 0:13:18]} Rxe8
{[%clk 0:00:33]} 33. Rd1 {[%clk 0:13:15]} Re2 {[%clk 0:00:31]} 34. Qd3
{[%clk 0:13:02]} Re3 35. Qd2 {[%clk 0:12:16]} Nf5 {[%clk 0:00:20]} 36. Kh2
{[%clk 0:12:16]} Qf4+ {[%clk 0:00:25]} 37. Kg1 Nh4 {[%clk 0:00:18]} 38. Rf1
{[%clk 0:11:49]} Qg5 39. Rf2 {[%clk 0:11:44]} Kh6 {[%clk 0:00:18]} 40. Kf1 Kh7
{[%clk 0:00:17]} 41. Re2 {[%clk 0:10:54]} Nf5 {[%clk 0:00:16]} 42. Kg1
{[%clk 0:10:37]} Qf4 43. b4 {[%clk 0:09:59]} g5 {[%clk 0:00:17]} 44. Rf2
{[%clk 0:10:01]} Qd4 {[%clk 0:00:11]} 45. Qc1 {[%clk 0:09:35]} Qc3
{[%clk 0:00:12]} 46. Rf1 {[%clk 0:09:06]} Qxc1 {[%clk 0:00:18]} 47. Rxc1
{[%clk 0:09:14]} Ra3 {[%clk 0:00:25]} 48. Rc2 {[%clk 0:09:15]} Nd4
{[%clk 0:00:33]} 49. Rd2 {[%clk 0:09:11]} Nc6 {[%clk 0:00:42]} 50. Rb2
{[%clk 0:09:17]} Ra4 {[%clk 0:00:50]} 51. Kh2 {[%clk 0:09:13]} Rxb4
{[%clk 0:00:59]} 52. Rc2 {[%clk 0:09:16]} Nd4 {[%clk 0:01:08]} 53. Rd2
{[%clk 0:09:19]} Ra4 {[%clk 0:01:12]} 54. a3 Nf5 {[%clk 0:01:11]} 55. Rd5
{[%clk 0:09:23]} Kg6 {[%clk 0:01:17]} 56. g4 {[%clk 0:09:18]} Ne3
{[%clk 0:01:16]} 57. Rd7 {[%clk 0:09:22]} Kh7 {[%clk 0:01:29]} 58. Kg3
{[%clk 0:09:20]} Rxa3 {[%clk 0:01:31]} 0-1

[Event "MCRDMZ 2018"]
[Site "Varnsdorf"]
[Date "2018.06.17"]
[Round "6.9"]
[White "Vasinek Martin (BSS F-M A)"]
[Black "Bocek Adam (Kurim)"]
[Result "1-0"]
[BlackElo "1488"]
[WhiteElo "1829"]
[LiveChessVersion "1.4.8"]

1. d4 {[%clk 0:25:16]} Nf6 {[%clk 0:25:17]} 2. c4 {[%clk 0:25:25]} g6
{[%clk 0:25:25]} 3. Nc3 {[%clk 0:25:34]} d5 {[%clk 0:25:35]} 4. e3
{[%clk 0:25:51]} Bg7 {[%clk 0:25:49]} 5. Nf3 {[%clk 0:26:00]} O-O
{[%clk 0:25:56]} 6. Be2 {[%clk 0:26:05]} Bg4 {[%clk 0:25:07]} 7. h3
{[%clk 0:26:10]} Bxf3 8. Bxf3 e6 {[%clk 0:25:03]} 9. Qb3 {[%clk 0:26:08]} b6
{[%clk 0:23:32]} 10. cxd5 {[%clk 0:26:11]} exd5 {[%clk 0:22:45]} 11. Nxd5
{[%clk 0:26:12]} Nxd5 {[%clk 0:22:50]} 12. Bxd5 {[%clk 0:26:18]} c6
{[%clk 0:22:56]} 13. Bf3 {[%clk 0:26:22]} Qd6 {[%clk 0:22:54]} 14. O-O
{[%clk 0:26:21]} Nd7 {[%clk 0:22:59]} 15. Bd2 {[%clk 0:26:28]} Qf6
{[%clk 0:22:10]} 16. Rac1 {[%clk 0:26:06]} Rac8 {[%clk 0:21:45]} 17. Bc3
{[%clk 0:25:29]} Qf5 {[%clk 0:19:12]} 18. Bg4 {[%clk 0:25:10]} Qd5
{[%clk 0:16:59]} 19. Qxd5 {[%clk 0:25:15]} cxd5 {[%clk 0:17:08]} 20. Bxd7 Rc7 21.
Bg4 {[%clk 0:25:12]} f5 {[%clk 0:15:35]} 22. Bf3 {[%clk 0:25:20]} Rd8
{[%clk 0:15:43]} 23. Bb4 {[%clk 0:25:20]} Rcd7 {[%clk 0:15:42]} 24. Rc2
{[%clk 0:25:19]} Kf7 {[%clk 0:13:00]} 25. Rfc1 {[%clk 0:25:25]} Bf8
{[%clk 0:09:46]} 26. Bxf8 {[%clk 0:25:26]} Kxf8 {[%clk 0:09:55]} 27. Rc8
{[%clk 0:25:22]} Ke7 {[%clk 0:09:53]} 28. Rxd8 {[%clk 0:25:29]} Kxd8
{[%clk 0:10:02]} 29. Kf1 {[%clk 0:25:29]} Ke7 {[%clk 0:10:09]} 30. Ke2
{[%clk 0:25:38]} Kd6 {[%clk 0:10:04]} 31. Kd2 {[%clk 0:25:44]} h6
{[%clk 0:09:34]} 32. b4 {[%clk 0:25:21]} a6 {[%clk 0:08:23]} 33. Be2
{[%clk 0:25:18]} 1-0

[Event "MCRDMZ 2018"]
[Site "Varnsdorf"]
[Date "2018.06.17"]
[Round "6.10"]
[White "Setina Vaclav (Kurim)"]
[Black "Licka Denis (BSS F-M A)"]
[Result "1-0"]
[BlackElo "1537"]
[WhiteElo "1445"]
[LiveChessVersion "1.4.8"]

1. e4 {[%clk 0:25:18]} c5 {[%clk 0:25:18]} 2. d4 {[%clk 0:25:21]} cxd4
{[%clk 0:25:25]} 3. c3 {[%clk 0:25:30]} dxc3 {[%clk 0:25:33]} 4. Nf3
{[%clk 0:25:39]} cxb2 {[%clk 0:24:56]} 5. Bxb2 {[%clk 0:25:46]} Nc6
{[%clk 0:24:54]} 6. Bc4 {[%clk 0:25:51]} d6 {[%clk 0:24:37]} 7. Qb3
{[%clk 0:25:40]} e6 {[%clk 0:24:36]} 8. O-O {[%clk 0:25:45]} Nf6 {[%clk 0:24:30]}
9. Nbd2 {[%clk 0:25:03]} Be7 {[%clk 0:24:10]} 10. Rfe1 {[%clk 0:24:18]} O-O
{[%clk 0:21:57]} 11. Rad1 {[%clk 0:23:24]} a6 {[%clk 0:20:38]} 12. Qc3
{[%clk 0:22:57]} b5 {[%clk 0:20:23]} 13. Bb3 {[%clk 0:21:04]} Bb7
{[%clk 0:19:59]} 14. Nf1 {[%clk 0:20:49]} Rc8 {[%clk 0:19:54]} 15. Qe3
{[%clk 0:18:41]} Qc7 {[%clk 0:12:41]} 16. Rc1 {[%clk 0:13:36]} Qb8
{[%clk 0:12:46]} 17. h3 {[%clk 0:12:45]} Rfd8 {[%clk 0:12:03]} 18. e5
{[%clk 0:11:56]} dxe5 {[%clk 0:11:43]} 19. Nxe5 {[%clk 0:11:49]} Bd6
{[%clk 0:06:52]} 20. Nxf7 {[%clk 0:11:22]} Re8 {[%clk 0:01:16]} 21. Bxf6
{[%clk 0:09:38]} gxf6 {[%clk 0:00:57]} 22. Bxe6 {[%clk 0:09:19]} 1-0

[Event "MCRDMZ 2018"]
[Site "Varnsdorf"]
[Date "2018.06.17"]
[Round "6.11"]
[White "Farkova Katerina (BSS F-M A)"]
[Black "Richter Rudolf (Kurim)"]
[Result "1-0"]
[BlackElo "1567"]
[WhiteElo "1554"]
[LiveChessVersion "1.4.8"]

1. e4 {[%clk 0:25:18]} Nf6 {[%clk 0:25:19]} 2. Nc3 {[%clk 0:25:24]} e5
{[%clk 0:25:28]} 3. Nf3 {[%clk 0:25:33]} Bb4 {[%clk 0:25:37]} 4. d3
{[%clk 0:25:40]} Nc6 {[%clk 0:25:43]} 5. Bg5 {[%clk 0:25:48]} d6 {[%clk 0:25:37]}
6. Be2 {[%clk 0:25:57]} Be6 {[%clk 0:25:43]} 7. O-O {[%clk 0:26:04]} O-O
{[%clk 0:25:47]} 8. d4 {[%clk 0:25:44]} exd4 {[%clk 0:25:43]} 9. Nxd4
{[%clk 0:25:50]} Bxc3 {[%clk 0:25:37]} 10. bxc3 {[%clk 0:25:56]} h6
{[%clk 0:25:28]} 11. Bxf6 {[%clk 0:25:44]} Qxf6 {[%clk 0:25:36]} 12. Bd3
{[%clk 0:24:56]} Nxd4 {[%clk 0:25:24]} 13. cxd4 {[%clk 0:25:03]} Qxd4
{[%clk 0:25:30]} 14. Re1 {[%clk 0:25:03]} Bc4 {[%clk 0:24:44]} 15. Bxc4
{[%clk 0:24:07]} Qxc4 {[%clk 0:24:52]} 16. f3 {[%clk 0:23:49]} Rfe8
{[%clk 0:24:38]} 17. Qd2 {[%clk 0:23:02]} Rad8 {[%clk 0:23:10]} 18. Re3
{[%clk 0:22:47]} Qc5 {[%clk 0:22:06]} 19. Kh1 {[%clk 0:22:40]} Qe5
{[%clk 0:20:09]} 20. c3 {[%clk 0:20:44]} c5 {[%clk 0:18:55]} 21. Rae1
{[%clk 0:20:06]} b5 {[%clk 0:17:53]} 22. h3 {[%clk 0:19:16]} a6 {[%clk 0:17:33]}
23. Rd3 {[%clk 0:19:18]} Qf6 {[%clk 0:13:09]} 24. Rd1 {[%clk 0:19:00]} Re6
{[%clk 0:13:03]} 25. Rd5 {[%clk 0:18:24]} Qe7 {[%clk 0:12:02]} 26. Rxc5
{[%clk 0:15:37]} dxc5 {[%clk 0:11:38]} 27. Qxd8+ {[%clk 0:15:45]} Qxd8
{[%clk 0:11:47]} 28. Rxd8+ {[%clk 0:15:53]} Kh7 {[%clk 0:11:56]} 29. Rd7
{[%clk 0:15:43]} f6 {[%clk 0:11:58]} 30. Rc7 {[%clk 0:15:42]} c4 {[%clk 0:12:05]}
31. Rd7 {[%clk 0:15:45]} Kg6 {[%clk 0:11:00]} 32. Kg1 {[%clk 0:15:43]} Rb6
{[%clk 0:08:02]} 33. Rd4 {[%clk 0:15:33]} Kg5 {[%clk 0:07:25]} 34. g3
{[%clk 0:15:23]} Kg6 {[%clk 0:06:47]} 35. Kf2 {[%clk 0:15:25]} Kf7
{[%clk 0:06:47]} 36. Ke2 {[%clk 0:15:25]} Ke6 {[%clk 0:06:40]} 37. Ke3
{[%clk 0:14:51]} Rc6 {[%clk 0:05:30]} 38. Kd2 {[%clk 0:14:38]} Rd6
{[%clk 0:05:02]} 39. Ke3 {[%clk 0:14:04]} Rc6 {[%clk 0:04:44]} 40. Rd5
{[%clk 0:12:48]} g6 {[%clk 0:04:42]} 41. Kd4 {[%clk 0:12:03]} h5 {[%clk 0:02:42]}
42. h4 {[%clk 0:12:03]} Rc7 {[%clk 0:02:43]} 43. a3 {[%clk 0:11:24]} Rc6
{[%clk 0:02:51]} 44. Rd8 {[%clk 0:10:55]} Rd6+ {[%clk 0:02:08]} 45. Rxd6+
{[%clk 0:10:58]} Kxd6 {[%clk 0:02:16]} 46. f4 {[%clk 0:11:02]} a5
{[%clk 0:00:21]} 47. e5+ {[%clk 0:10:55]} fxe5+ {[%clk 0:00:29]} 48. fxe5+
{[%clk 0:11:04]} Ke6 {[%clk 0:00:20]} 49. Ke4 {[%clk 0:09:48]} a4
{[%clk 0:00:13]} 50. Kd4 {[%clk 0:09:43]} Kf5 {[%clk 0:00:12]} 51. Kd5
{[%clk 0:09:52]} b4 {[%clk 0:00:17]} 52. e6 {[%clk 0:09:38]} b3 {[%clk 0:00:00]}
1-0